00307nam a2200121Ia 4500008004100000041000800041082001400049100001800063245003900081260002900120300001900149999001700168241015s9999 xx 000 0 und d aeng a332.4 WAR aWarren, Micah aBitcoin: A Game-Theoretic Analysis bDe GruyteraBostonc2023 a328;. P. 24 Cm c41583d41583